Statistics for Movie Decades Click Quiz #1

Click here to take the quiz!

General Stats

  • This quiz has been taken 20,553 times
  • The average score is 16 of 25

Answer Stats

HintAnswer% Correct
85%
83%
83%
82%
77%
69%
69%
69%
68%
67%
67%
65%
63%
62%
60%
60%
59%
57%
56%
54%
50%
49%
46%
44%
25%

Score Distribution

Percentile by Number Answered

Percent of People with Each Score

Your Score History

You have not taken this quiz